000 nam a22 7a 4500
999 _c9027
_d9027
008 180122b ||||| |||| 00| 0 eng d
100 _aGupta. A. D
_95323
245 _aMath steps
260 _aNew Delhi
_bBharati bhavan
_c2008